000 00664nam a2200241Ia 4500
003 OSt
005 20221007081826.0
006 a|||||r|||| 00| 0
007 ta
008 221006b |||||||| |||| 00| 0 eng d
020 _a9781841137360
024 _a45,904
037 _cTextual
040 _aFLL
_cFLL
_beng
041 _2eng
_aeng
082 _aV2:2:Z, Q7
100 _aTHIRUVENGADAM Arun K
_9698129
245 0 _aConstitution of India
_b A contextual analysis
260 _aPortland
_bHart Publishing
_c2017
300 _axxiii,265p.
_ccm.
942 _hV2:2:Z, Q7
_cTEXL
_2CC
999 _c1164397
_d1164397